| 000 | 00963nam a22002057a 4500 | ||
|---|---|---|---|
| 999 |
_c1511 _d1511 |
||
| 003 | AR-CdUCM | ||
| 008 | 190227b ||||| |||| 00| 0 spa d | ||
| 040 |
_aMUNICIPALIDAD PROVINCIAL DEL CUSCO _cBIBLIOTECA MUNICIPAL DEL CUSCO |
||
| 082 |
_a323.185 / _bV29 |
||
| 100 |
_aVarallanos, José _91884 |
||
| 245 |
_aEl Cholo y el Perú : _bintroducción al estudio sociológico de un hombre y un pueblo mestizos y su destino cultural / |
||
| 260 |
_aLima : _bImpr. López, _c1962. |
||
| 300 |
_a287 páginas ; _bretrato, laminas, ilustraciones, _c23 cm. |
||
| 505 | _aContenido: El vocablo y su concepto -- El marco de la historia -- La geografía del mestizaje -- El hombre indo-hispano o cholo -- El cholo, el mestizaje cultural y la vida social -- Perú mixto -- Destino cultural -- El mestizo y la antropología ... | ||
| 650 |
_aMestizo _95714 |
||
| 650 |
_aIndígenas del Perú _95715 |
||
| 650 |
_aCuestión racial _95716 |
||
| 942 |
_2ddc _cLIBROS |
||
| 945 | _aachl | ||